Listopád /
Román vypráví příběh dvou žen ve světě, ve kterém události listopadu 1989 místo kýžené svobody přinesly jen tvrdší diktaturu.
Uloženo v:
| Hlavní autor: | |
|---|---|
| Médium: | E-kniha |
| Jazyk: | Czech |
| Vydáno: |
Brno :
Host,
2021
|
| Vydání: | První vydání |
| Témata: | |
| Tagy: |
Žádné tagy |
| LEADER | 02630nam a2200481 i 4500 | ||
|---|---|---|---|
| 001 | 301476 | ||
| 003 | CZ PrSKC | ||
| 005 | 20260430063208.0 | ||
| 007 | ta | ||
| 008 | 210416s2021 xr g 000 f cze | ||
| 015 | |a cnb003319649 | ||
| 020 | |a 9788027505937 |q (vázáno) | ||
| 035 | |a (OCoLC)1263278966 | ||
| 040 | |a ABG001 |b cze |e rda | ||
| 045 | |a x8x8 | ||
| 072 | 7 | |a 821.162.3-3 |x Česká próza |2 Konspekt | |
| 080 | |a 821.162.3-31 |2 MRF | ||
| 080 | |a 94(437)"1989" |2 MRF | ||
| 080 | |a 94-021.171 |2 MRF | ||
| 080 | |a (0:82-31) |2 MRF | ||
| 100 | 1 | |a Mornštajnová, Alena, |d 1963- |7 ola2007364886 |4 aut | |
| 245 | 1 | 0 | |a Listopád / |c Alena Mornštajnová |
| 246 | 3 | |a Listopad | |
| 250 | |a První vydání | ||
| 264 | 1 | |a Brno : |b Host, |c 2021 | |
| 300 | |a 292 stran ; |c 21 cm | ||
| 336 | |a text |b txt |2 rdacontent | ||
| 337 | |a bez média |b n |2 rdamedia | ||
| 338 | |a svazek |b nc |2 rdacarrier | ||
| 500 | |a Dotisk v roce 2021 | ||
| 520 | 2 | |a Román vypráví příběh dvou žen ve světě, ve kterém události listopadu 1989 místo kýžené svobody přinesly jen tvrdší diktaturu. |b V noci z dvacátého šestého na dvacátého sedmého listopadu roku 1989 vyvlekli vojáci ve všech zemích Varšavské smlouvy muže a ženy ven z jejich domovů jen v pyžamech a nočních košilích a spoutané je naložili do vojenských transportérů. Jednou z těchto žen je i Maja, která tak ze dne na den přijde o manžela i dvě malé děti. V ženské věznici jí naději dodávají jen dopisy, které píše své dceři Leničce. V nově zřízené "ozdravovně" mezitím vyrůstá malá Magda. Tu rodičům odebrali, aby se v dospělosti přidala k nové generaci komunistických kádrů. Jejich příběhy k sobě mají velmi blízko, dokáží si ale k sobě najít cestu? | |
| 648 | 7 | |a 1989 |7 ch460664 |2 czenas | |
| 650 | 0 | 7 | |a Sametová revoluce (1989 : Československo) |7 ph138757 |2 czenas |
| 650 | 0 | 7 | |a fiktivní dějiny |7 ph349156 |2 czenas |
| 650 | 0 | 9 | |a Velvet revolution (1989 : Czechoslovakia) |2 eczenas |
| 650 | 0 | 9 | |a imaginary history |2 eczenas |
| 655 | 7 | |a české romány |7 fd133974 |2 czenas | |
| 655 | 9 | |a Czech fiction |2 eczenas | |
| 900 | |a ABA001 |b 19 | ||
| 044 | |a xr | ||
| 910 | |a RBIT002 | ||
| 998 | |d 315299 |a https://core.palmknihy.cz/api/books/315299/cover?qqu8d3 |b https://core.palmknihy.cz/api/books/315299/cover/400?qqu8d3 |c https://core.palmknihy.cz/api/books/315299/cover/50?qqu8d3 |e 2028-12-31 |g 303 |i 9788027505937 |j https://core.palmknihy.cz/api/books/315299/preview.epub |k https://core.palmknihy.cz/api/books/315299/preview.pdf |l |q 49 |r 1 |s https://www.palmknihy.cz/kniha/315299 |t ebook |y 2021 |z 0 | ||
| 999 | |d 301474 | ||